000 00470nam a22001937a 4500
003 MPLRDC
005 20220104142715.0
008 210129b ||||| |||| 00| 0 eng d
020 _a957-708-651-9
082 _a848.2 XY-5
100 _a小野著
245 _a让我躺在你身边
_c
250 _a初版
260 _a
_b麦田出版股份有限公司
_c1998
300 _b
490 _a心灵版图;1
650 _a现代别集
942 _cBK
_o848.2 XY-5
999 _c33069
_d33059